Business math / (Record no. 97544)

MARC details
000 -LEADER
fixed length control field 00685cam a2200229 a 4500
008 - FIXED-LENGTH DATA ELEMENTS--GENERAL INFORMATION
fixed length control field
020 ## - INTERNATIONAL STANDARD BOOK NUMBER
International Standard Book Number 0536967261 (pbk.)
049 ## - LOCAL HOLDINGS (OCLC)
Holding library MAIN
090 ## - LOCALLY ASSIGNED LC-TYPE CALL NUMBER (OCLC); LOCAL CALL NUMBER (RLIN)
Classification number (OCLC) (R) ; Classification number, CALL (RLIN) (NR) HF5691
Local cutter number (OCLC) ; Book number/undivided call number, CALL (RLIN) BUT
003 - CONTROL NUMBER IDENTIFIER
control field
005 - DATE AND TIME OF LATEST TRANSACTION
control field 20230120144456.0
040 ## - CATALOGING SOURCE
Transcribing agency NUST
100 1# - MAIN ENTRY--PERSONAL NAME
Personal name Butler, Becke.
245 10 - TITLE STATEMENT
Title Business math /
Statement of responsibility, etc. compiled by Becke Butler and Becky Kellum.
260 ## - PUBLICATION, DISTRIBUTION, ETC.
Place of publication, distribution, etc. Upper Saddle River :
Name of publisher, distributor, etc. Pearson Custom Publishing,
Date of publication, distribution, etc. c2005.
300 ## - PHYSICAL DESCRIPTION
Extent xix, 858 p. :
Other physical details ill (some col). ;
Dimensions 31 cm. +CD-ROM.
500 ## - GENERAL NOTE
General note Includes index.
650 #0 - SUBJECT ADDED ENTRY--TOPICAL TERM
Topical term or geographic name entry element Business mathematics.
700 1# - ADDED ENTRY--PERSONAL NAME
Personal name Becky Kellum.
907 ## - LOCAL DATA ELEMENT G, LDG (RLIN)
a .b10344470
b 15-10-14
c 10-07-14
942 ## - ADDED ENTRY ELEMENTS (KOHA)
Koha item type Ordinary Loan Books
Call number prefix HF5691
Call number suffix BUT
Holdings
Date last seen Total Checkouts Full call number Barcode Accession number Cost, replacement price Price effective from Koha item type Public note Lost status Source of classification or shelving scheme Damaged status Not for loan Collection Withdrawn status Home library Current library Shelving location Date acquired Source of acquisition Cost, normal purchase price
01/20/2023   HF5691 BUT 92004035826 16170 30.00 05/16/2023 BOOKS Donation   LCC     NFIC   MAIN MAIN GEN 05/16/2023 Book Aid International 80.00